In Italia sono tutti maschi : [una graphic novel sul confino degli omosessuali durante il fascismo] /

Saved in:
Bibliografiske detaljer
Hovedforfatter: De Santis, Luca, (1978- )
Andre forfattere: Colaone, Sara
Format: Bog
Sprog:italiensk
Udgivet: Bologna : Kappa, 2010
Serier:Mondo naif
Tags: Tilføj Tag
Ingen Tags, Vær først til at tagge denne postø!

MARC

LEADER 00000nam a22000007i 4500
001 IT\ICCU\MSE\0061674
003 ItRI
005 20250725184920.0
008 140219s2010 it |||||| ||||| |||||c
020 |a 9788874713295 
040 |b ita  |c Arcigay Queer VdA 
041 7 |a ita  |2 ISO-639-2 
100 1 |a De Santis, Luca,  |d  (1978- )  |0 IT\ICCU\UBOV\259108 
240 1 0 |a In Italia sono tutti maschi.  |9 De Santis, Luca <1978- > 
245 1 0 |a In Italia sono tutti maschi :  |b [una graphic novel sul confino degli omosessuali durante il fascismo] /  |c Luca De Santis, Sara Colaone. 
260 |a Bologna :  |b Kappa,  |c 2010 
300 |a 173 p. :  |b in gran parte ill. ;  |c 21 cm 
500 |a Compl. del tit. dalla cop. 
700 1 |a Colaone, Sara  |0 IT\ICCU\MODV\283649 
830 0 |a Mondo naif  |0 IT\ICCU\REA\0045134 
942 |2 ddc  |c BK 
952 |0 0  |1 0  |2 ddc  |4 0  |6 741_500000000000000_DES_ITA  |7 1  |9 4117  |a AO  |b AO  |d 2025-05-01  |l 0  |o 741.5 DES ITA  |p 11294  |r 2025-05-01 19:23:49  |w 2025-05-01  |x Di proprietà di Giulio Gasperini  |y BK 
952 |0 0  |1 0  |2 ddc  |4 0  |6 B_FIT01DESLUINI21  |7 0  |9 7645  |a MI  |b MI  |d 2012-02-08  |i 6389  |l 0  |o B-FIT01-DESLU-INI21  |p CDOM6389  |r 2025-07-13 16:28:44  |w 2025-07-13  |x DONO  |y BK 
981 1 |6 z01  |a i   |b xxxe  
982 1 |6 z01  |a n 
999 |c 3182  |d 3182